Cài đặt đa hệ điều hành trên một máy tính

Guardat en:
Dades bibliogràfiques
Autor principal: VN-Guide
Format: Llibre
Idioma:Undetermined
Publicat: Thống Kê 2002
Matèries:
Etiquetes: Afegir etiqueta
Sense etiquetes, Sigues el primer a etiquetar aquest registre!
Thư viện lưu trữ: Trung tâm Học liệu Trường Đại học Cần Thơ
LEADER 00512nam a2200169Ia 4500
001 CTU_54573
008 210402s9999 xx 000 0 und d
020 |b 39000 
082 |a 005.282 
082 |b V308 
100 |a VN-Guide 
245 0 |a Cài đặt đa hệ điều hành trên một máy tính 
245 0 |c VN-Guide và Đinh Xuân Lâm 
260 |b Thống Kê 
260 |c 2002 
650 |a operating systems ( computers ) 
980 |a Trung tâm Học liệu Trường Đại học Cần Thơ